[Event "SUR-ch"]
[Site "Paramaribo"]
[Date "2014.03.15"]
[Round "12"]
[White "Ramos Dos, Geryen"]
[Black "Veer, Willem"]
[Result "0-1"]
[WhiteElo "1781"]
[BlackElo "1892"]
[PlyCount "50"]
[EventDate "2014.02.16"]
[EventType "tourn"]
[EventRounds "13"]
[EventCountry "SUR"]
[SourceTitle "EXT 2018"]
[Source "ChessBase"]
[SourceDate "2017.10.13"]
[SourceVersion "1"]
[SourceVersionDate "2017.10.13"]
[SourceQuality "1"]

1. e4 e6 2. d4 d5 3. exd5 exd5 4. Bd3 Nc6 5. c3 Bd6 6. Ne2 Nce7 7. Nd2 c6 8. 0-0 Bg4 9. h3 Bh5 10. f4 f6 11. g4 Bf7 12. Nf3 Qc7 13. b4 a6 14. a4 Ng6 15. Ne1 N6e7 16. Ng2 g6 17. Qc2 Qd7 18. Ne3 h5 19. Kg2 Bc7 20. Bd2 Qd6 21. c4 dxc4 22. Bxc4 Bxc4 23. Nxc4 Qd5+ 24. Kg1 hxg4 25. Ne3 Qh5 0-1

[Event "SUR-ch"]
[Site "Paramaribo"]
[Date "2014.03.12"]
[Round "11"]
[White "Tjong Tjin, Joe Calvin"]
[Black "Ramos Dos, Geryen"]
[Result "1-0"]
[WhiteElo "1986"]
[BlackElo "1781"]
[PlyCount "63"]
[EventDate "2014.02.16"]
[EventType "tourn"]
[EventRounds "13"]
[EventCountry "SUR"]
[SourceTitle "EXT 2018"]
[Source "ChessBase"]
[SourceDate "2017.10.13"]
[SourceVersion "1"]
[SourceVersionDate "2017.10.13"]
[SourceQuality "1"]

1. d4 d5 2. Nf3 Nf6 3. g3 Bf5 4. Bg2 Nc6 5. 0-0 Qd7 6. c3 Bh3 7. Nbd2 Bxg2 8. Kxg2 h6 9. Qc2 e6 10. e4 dxe4 11. Nxe4 Nxe4 12. Qxe4 0-0-0 13. b4 Qd5 14. Qxd5 Rxd5 15. Bb2 Be7 16. Rad1 Bf6 17. Nd2 g5 18. f4 Rh7 19. Ne4 Be7 20. fxg5 hxg5 21. c4 Rd8 22. a3 Nb8 23. d5 f5 24. Nc3 Rdh8 25. Rh1 e5 26. c5 Bf6 27. Rdf1 f4 28. Ne4 Bd8 29. Bxe5 Re8 30. Nf6 Rxe5 31. Nxh7 Rf5 32. h4 1-0

[Event "SUR-ch"]
[Site "Paramaribo"]
[Date "2014.03.11"]
[Round "10"]
[White "Ramos Dos, Geryen"]
[Black "Hanoeman, Suradj"]
[Result "0-1"]
[WhiteElo "1781"]
[BlackElo "2030"]
[PlyCount "68"]
[EventDate "2014.02.16"]
[EventType "tourn"]
[EventRounds "13"]
[EventCountry "SUR"]
[SourceTitle "EXT 2018"]
[Source "ChessBase"]
[SourceDate "2017.10.13"]
[SourceVersion "1"]
[SourceVersionDate "2017.10.13"]
[SourceQuality "1"]

1. Nf3 Nf6 2. g3 b6 3. Bg2 Bb7 4. 0-0 e6 5. c4 c5 6. e3 d6 7. Nc3 Be7 8. b3 0-0 9. Bb2 Nbd7 10. d4 a6 11. Qe2 Ra7 12. Rfd1 Qa8 13. Ne1 Rb8 14. Bxb7 Qxb7 15. dxc5 Nxc5 16. Nd3 b5 17. Nxc5 dxc5 18. Rab1 h5 19. h3 Qc6 20. g4 hxg4 21. hxg4 Rab7 22. cxb5 axb5 23. f3 c4 24. Kf2 b4 25. Na4 c3 26. Qc2 Rc8 27. Ba1 e5 28. a3 e4 29. g5 Nh5 30. f4 Qe6 31. axb4 Nxf4 32. exf4 e3+ 33. Kg3 Bxg5 34. fxg5 Rxb4 0-1

[Event "SUR-ch"]
[Site "Paramaribo"]
[Date "2014.02.16"]
[Round "1"]
[White "Ramos Dos, Geryen"]
[Black "Lautan, Shatish"]
[Result "1-0"]
[WhiteElo "1781"]
[BlackElo "1936"]
[PlyCount "125"]
[EventDate "2014.02.16"]
[EventType "tourn"]
[EventRounds "13"]
[EventCountry "SUR"]
[SourceTitle "EXT 2018"]
[Source "ChessBase"]
[SourceDate "2017.10.13"]
[SourceVersion "1"]
[SourceVersionDate "2017.10.13"]
[SourceQuality "1"]

1. e4 c5 2. Nc3 d6 3. g3 Nc6 4. Bg2 g6 5. Nge2 Bg7 6. 0-0 Nf6 7. d3 0-0 8. h3 Bd7 9. Be3 b5 10. Nxb5 Rb8 11. Nbc3 Rxb2 12. f4 Qa5 13. Bc1 Rbb8 14. Bd2 Ne8 15. Nd5 Qd8 16. Rb1 e6 17. Ne3 f5 18. c3 Nc7 19. Kh1 Qe7 20. Rxb8 Rxb8 21. Qc2 Qd8 22. Bc1 Nb5 23. Nc4 Na5 24. a4 Nxc4 25. axb5 Nb6 26. c4 Nc8 27. Bb2 Bxb2 28. Qxb2 a6 29. Nc3 Qf6 30. Rb1 Qd4 31. Qc2 a5 32. Ra1 Ra8 33. exf5 Ra7 34. fxe6 Bxe6 35. Re1 Bd7 36. Nd5 a4 37. b6 Nxb6 38. Nxb6 a3 39. Qa2 Qb2 40. Bd5+ Kg7 41. Qa1 Bxh3 42. Rb1 Qxa1 43. Rxa1 Ra6 44. Na8 Bf5 45. Nc7 Ra5 46. Nb5 a2 47. Be4 d5 48. Bxf5 gxf5 49. Nc3 dxc4 50. dxc4 Ra3 51. Nxa2 Ra4 52. Kg2 Rxc4 53. Rc1 Ra4 54. Nc3 Rb4 55. Nd5 Rb5 56. Nc7 Rb8 57. Rxc5 Kg6 58. Rc6+ Kh5 59. Nd5 Rb5 60. Ne7 Rb2+ 61. Kf3 h6 62. Nxf5 Rb3+ 63. Ne3 1-0

[Event "SUR-ch"]
[Site "Paramaribo"]
[Date "2012.04.01"]
[Round "12"]
[White "Sanches, Casanova Romario"]
[Black "Ramos Dos, Geryen"]
[Result "1-0"]
[WhiteElo "1997"]
[BlackElo "1806"]
[PlyCount "73"]
[EventDate "2012.03.14"]
[EventType "tourn"]
[EventRounds "13"]
[EventCountry "SUR"]
[SourceTitle "EXT 2013"]
[Source "ChessBase"]
[SourceDate "2012.11.22"]
[SourceVersion "1"]
[SourceVersionDate "2012.11.22"]
[SourceQuality "1"]

1. c4 e5 2. Nc3 Nf6 3. g3 g6 4. Bg2 Bg7 5. d3 d6 6. e3 0-0 7. Nge2 c6 8. 0-0 Nbd7 9. b4 a5 10. b5 Qc7 11. Rb1 Nb6 12. Ba3 c5 13. Bb2 Be6 14. f4 Ng4 15. Bc1 Bf5 16. h3 Nh6 17. Na4 Kh8 18. Nxb6 Qxb6 19. Qc2 Ng8 20. Bd2 Ne7 21. Nc3 h6 22. Kh2 Kh7 23. Na4 Qc7 24. b6 Qd7 25. Nc3 d5 26. Nb5 dxc4 27. Nc7 cxd3 28. Qxc5 e4 29. Nxa8 Rxa8 30. Bxa5 Nc6 31. Bc3 Bxc3 32. Qxc3 Rxa2 33. Ra1 Rxa1 34. Rxa1 Qd8 35. Qb2 Qd5 36. Ra8 d2 37. Qh8# 1-0

[Event "SUR-ch"]
[Site "Paramaribo"]
[Date "2012.03.17"]
[Round "3"]
[White "Veer, Willem"]
[Black "Ramos Dos, Geryen"]
[Result "0-1"]
[WhiteElo "1914"]
[BlackElo "1806"]
[PlyCount "54"]
[EventDate "2012.03.14"]
[EventType "tourn"]
[EventRounds "13"]
[EventCountry "SUR"]
[SourceTitle "EXT 2013"]
[Source "ChessBase"]
[SourceDate "2012.11.22"]
[SourceVersion "1"]
[SourceVersionDate "2012.11.22"]
[SourceQuality "1"]

1. c4 Nf6 2. Nc3 g6 3. g3 Bg7 4. Bg2 c6 5. e4 e5 6. Nge2 d6 7. 0-0 Be6 8. d3 Qd7 9. Bd2 0-0 10. Qc1 Bh3 11. Bh6 Bxg2 12. Kxg2 Na6 13. Bxg7 Kxg7 14. f4 Nc5 15. Qd2 a5 16. f5 d5 17. cxd5 cxd5 18. Qg5 h6 19. Qh4 g5 20. Qh3 dxe4 21. dxe4 Ncxe4 22. Rad1 Qc6 23. Kg1 Rad8 24. g4 Rxd1 25. Nxd1 Rd8 26. Ng3 Rxd1 27. Rxd1 Qc5+ 0-1